000 00936nab a2200265 u 4500
001 15569
003 HDC
007 cr bn ---aaaaa
008 210201b20140520my ||||| |||| 00| 0 may d
040 _aHDC
100 _aSiti Suraya Md Tap,
_eauthor
_915136
245 0 _aFAMA keluar 86 surat amaran /
_cSiti Suraya Md Tap
260 _aKuala Lumpur :
_bThe New Straits Times Press (M) Bhd.,
_c2014
300 _a1 online resource
336 _atext
_2rdacontent
337 _acomputer
_2rdamedia
338 _aonline resource
_2rdacarrier
610 _aLembaga Pemasaran Pertanian Persekutuan (FAMA)
_915740
650 _aFarm produce
_xMarketing
_94367
710 _aHarian Metro,
_eissung body
856 _zRequest full-text at [email protected]
942 _2lcc
942 _cNEWS
942 _kNWSC 006402
999 _c12885
_d12885